[Event "Bundesliga 9495"]
[Site "Deutschland"]
[Date "1994.??.??"]
[Round "?.2"]
[White "Hodgson, Julian M"]
[Black "King, Daniel J"]
[Result "1/2-1/2"]
[WhiteElo "2580"]
[BlackElo "2495"]
[PlyCount "174"]
[EventDate "1994.10.??"]
[EventType "team"]
[EventRounds "15"]
[EventCountry "GER"]
[SourceTitle "Bundesliga 9495"]
[Source "DeepChess"]
[SourceDate "2005.01.01"]
[SourceVersion "1"]
[SourceVersionDate "2005.01.01"]
[SourceQuality "1"]
[WhiteTeam "Muenchener SC 1836 e.V."]
[BlackTeam "SV Castrop Rauxel 1923"]
[WhiteTeamCountry "GER"]
[BlackTeamCountry "GER"]

1. c4 e6 2. g3 d5 3. Nf3 dxc4 4. Qa4+ Nd7 5. Qxc4 b6 6. Bg2 Bb7 7. O-O Ngf6 8.
b3 Be7 9. Bb2 O-O 10. Qc2 c5 11. Nc3 Rc8 12. d3 a6 13. Rac1 b5 14. Qb1 Qb6 15.
Qa1 Rfd8 16. Nb1 Bf8 17. Nbd2 h6 18. Rc2 Qa7 19. Rfc1 Qa8 20. a3 Qb8 21. Bc3
Qa8 22. Ba5 Re8 23. e4 Qb8 24. Bc3 Red8 25. a4 Ba8 26. axb5 axb5 27. Ra2 Bc6
28. Rcc2 Qb7 29. Qc1 Ra8 30. Rxa8 Rxa8 31. h3 Rc8 32. Bb2 Rd8 33. b4 c4 34. Nd4
Bxb4 35. Nxc6 Qxc6 36. dxc4 bxc4 37. Nxc4 Qb5 38. e5 Nd5 39. Nd6 Bxd6 40. exd6
Nf8 41. Rc5 Qd3 42. Bf1 Qf3 43. Rc8 Rxc8 44. Qxc8 Nb6 45. Qc7 Nbd7 46. Qc3 Qxc3
47. Bxc3 f5 48. f3 Kf7 49. Kf2 Nf6 50. Bb5 g5 51. g4 fxg4 52. hxg4 N8d7 53. Bb2
e5 54. Bc4+ Kg6 55. Bd3+ e4 56. Bb5 h5 57. gxh5+ Kxh5 58. fxe4 Nxe4+ 59. Kf3
Nxd6 60. Bxd7 Kg6 61. Ba4 Kf7 62. Bb3+ Ke7 63. Kg4 Kd7 64. Kxg5 Kc6 65. Kf4 Kb5
66. Bd1 Nc4 67. Bg7 Kc5 68. Ke4 Nd6+ 69. Kd3 Kd5 70. Bf3+ Ke6 71. Bb2 Nf7 72.
Kd4 Ng5 73. Bg4+ Kf6 74. Ke3+ Kf7 75. Kf4 Ne6+ 76. Kf5 Ng7+ 77. Kg5 Ne6+ 78.
Kh6 Nc5 79. Bc3 Ne4 80. Be1 Kf6 81. Bd1 Kf5 82. Kg7 Ke5 83. Kg6 Nc5 84. Bg3+
Kd5 85. Kf5 Kd4 86. Bf2+ Kd5 87. Bc2 Kc4 1/2-1/2

[Event "Bundesliga 9495"]
[Site "Deutschland"]
[Date "1994.??.??"]
[Round "?.3"]
[White "Hoffmann, Michael"]
[Black "Stohl, Igor"]
[Result "1-0"]
[WhiteElo "2470"]
[BlackElo "2560"]
[PlyCount "65"]
[EventDate "1994.10.??"]
[EventType "team"]
[EventRounds "15"]
[EventCountry "GER"]
[SourceTitle "Bundesliga 9495"]
[Source "DeepChess"]
[SourceDate "2005.01.01"]
[SourceVersion "1"]
[SourceVersionDate "2005.01.01"]
[SourceQuality "1"]
[WhiteTeam "SV Castrop Rauxel 1923"]
[BlackTeam "Muenchener SC 1836 e.V."]
[WhiteTeamCountry "GER"]
[BlackTeamCountry "GER"]

1. d4 Nf6 2. c4 g6 3. Nc3 d5 4. cxd5 Nxd5 5. g3 Bg7 6. Bg2 Nb6 7. Nf3 Nc6 8. e3
O-O 9. O-O Re8 10. Re1 a5 11. h3 a4 12. Rb1 Be6 13. Ng5 Bf5 14. e4 Bd7 15. d5
Na5 16. Bf4 h6 17. Nf3 c6 18. Be5 Bxe5 19. Nxe5 cxd5 20. Qf3 Rf8 21. exd5 Bf5
22. Rbd1 Nac4 23. Nxc4 Nxc4 24. Qe2 Nd6 25. Qxe7 Qb6 26. Qf6 Qxb2 27. Re2 Qb4
28. g4 Bd7 29. Ne4 Ra6 30. Qe7 Bb5 31. Ree1 Qa3 32. Nf6+ Kg7 33. Qe5 1-0

[Event "Bundesliga 9495"]
[Site "Deutschland"]
[Date "1994.??.??"]
[Round "?.4"]
[White "Tischbierek, Raj"]
[Black "Libeau, Rene"]
[Result "1/2-1/2"]
[WhiteElo "2525"]
[BlackElo "2490"]
[PlyCount "60"]
[EventDate "1994.10.??"]
[EventType "team"]
[EventRounds "15"]
[EventCountry "GER"]
[SourceTitle "Bundesliga 9495"]
[Source "DeepChess"]
[SourceDate "2005.01.01"]
[SourceVersion "1"]
[SourceVersionDate "2005.01.01"]
[SourceQuality "1"]
[WhiteTeam "Muenchener SC 1836 e.V."]
[BlackTeam "SV Castrop Rauxel 1923"]
[WhiteTeamCountry "GER"]
[BlackTeamCountry "GER"]

1. e4 e6 2. d4 d5 3. Nc3 Bb4 4. e5 Ne7 5. a3 Bxc3+ 6. bxc3 c5 7. Nf3 b6 8. Bb5+
Bd7 9. Bd3 h6 10. O-O Qc7 11. Re1 Nbc6 12. Bf4 f5 13. exf6 Qxf4 14. fxe7 Kxe7
15. c4 dxc4 16. d5 cxd3 17. dxc6 Bxc6 18. Ne5 Be4 19. Nxd3 Bxd3 20. Qxd3 Rhf8
21. Qa6 Qc7 22. a4 Rad8 23. a5 Rd2 24. axb6 axb6 25. Qc4 Rf6 26. Re2 Qd7 27.
Qe4 Rd1+ 28. Rxd1 Qxd1+ 29. Re1 Qd4 30. Qxd4 cxd4 1/2-1/2

[Event "Bundesliga 9495"]
[Site "Deutschland"]
[Date "1994.??.??"]
[Round "?.5"]
[White "Appel, Ralf"]
[Black "Sandor, Christian"]
[Result "0-1"]
[WhiteElo "2425"]
[BlackElo "2365"]
[PlyCount "82"]
[EventDate "1994.10.??"]
[EventType "team"]
[EventRounds "15"]
[EventCountry "GER"]
[SourceTitle "Bundesliga 9495"]
[Source "DeepChess"]
[SourceDate "2005.01.01"]
[SourceVersion "1"]
[SourceVersionDate "2005.01.01"]
[SourceQuality "1"]
[WhiteTeam "SV Castrop Rauxel 1923"]
[BlackTeam "Muenchener SC 1836 e.V."]
[WhiteTeamCountry "GER"]
[BlackTeamCountry "GER"]

1. d4 Nf6 2. Nf3 c5 3. d5 b5 4. Bg5 Bb7 5. Bxf6 exf6 6. e4 c4 7. a4 a6 8. g3
Bc5 9. Bg2 O-O 10. O-O Qb6 11. Nh4 d6 12. Qg4 g6 13. Nd2 Ra7 14. Nhf3 Bc8 15.
Qf4 Kg7 16. h4 h5 17. c3 Re7 18. axb5 axb5 19. b4 cxb3 20. Nxb3 Nd7 21. Nfd4
Ne5 22. Rfb1 Bd7 23. Qd2 Rb8 24. Nxc5 Qxc5 25. Nb3 Qc7 26. Qd4 Bg4 27. Nd2 Qc8
28. f4 Nc4 29. Nxc4 bxc4 30. Rb6 Rxb6 31. Qxb6 Bh3 32. Bf3 Qe8 33. Re1 Qa4 34.
Kh2 Bg4 35. Bxg4 hxg4 36. Qd4 Qc2+ 37. Kg1 Rb7 38. Qf2 Qxc3 39. Qe3 Qa5 40. e5
fxe5 41. fxe5 Rb3 0-1

[Event "Bundesliga 9495"]
[Site "Deutschland"]
[Date "1994.??.??"]
[Round "?.6"]
[White "Reich, Thomas"]
[Black "Dinstuhl, Volkmar"]
[Result "1-0"]
[WhiteElo "2390"]
[BlackElo "2375"]
[PlyCount "115"]
[EventDate "1994.10.??"]
[EventType "team"]
[EventRounds "15"]
[EventCountry "GER"]
[SourceTitle "Bundesliga 9495"]
[Source "DeepChess"]
[SourceDate "2005.01.01"]
[SourceVersion "1"]
[SourceVersionDate "2005.01.01"]
[SourceQuality "1"]
[WhiteTeam "Muenchener SC 1836 e.V."]
[BlackTeam "SV Castrop Rauxel 1923"]
[WhiteTeamCountry "GER"]
[BlackTeamCountry "GER"]

1. e4 c5 2. c3 d6 3. d4 Nf6 4. dxc5 Nc6 5. f3 d5 6. Be3 dxe4 7. Qxd8+ Nxd8 8.
Bb5+ Nc6 9. Nd2 Nd5 10. Bd4 exf3 11. Ngxf3 f6 12. O-O-O Nc7 13. Bxc6+ bxc6 14.
Nc4 Bd7 15. Rhe1 O-O-O 16. Bf2 Nd5 17. Na5 e5 18. c4 Nf4 19. g3 Ne6 20. b4 Be7
21. Nd2 Be8 22. Ne4 Kc7 23. Rxd8 Nxd8 24. a4 a6 25. Nc3 Ne6 26. Nb3 Bf7 27. b5
Nd8 28. Na5 Nb7 29. b6+ Kc8 30. Nxb7 Kxb7 31. Rd1 Kc8 32. Ne4 Rd8 33. Rxd8+
Kxd8 34. Nd6 Bxd6 35. cxd6 Kc8 36. c5 Bb3 37. Be1 g5 38. g4 Be6 39. h3 Bb3 40.
Kb2 Bf7 41. Kc2 Bg6+ 42. Kd2 Bf7 43. Ke3 Bg6 44. Bc3 h6 45. Be1 Bf7 46. Ke4
Bg6+ 47. Kf3 Be8 48. Ba5 Kb7 49. Bc3 h5 50. gxh5 Bxh5+ 51. Kg3 Kc8 52. Ba5 Be8
53. h4 gxh4+ 54. Kxh4 Bd7 55. Bc3 Bf5 56. Kh5 Bd3 57. a5 Bf5 58. Kh6 1-0

[Event "Bundesliga 9495"]
[Site "Deutschland"]
[Date "1994.??.??"]
[Round "?.7"]
[White "Hermesmann, Hans"]
[Black "Geisler, Fabian"]
[Result "0-1"]
[WhiteElo "2310"]
[BlackElo "2305"]
[PlyCount "90"]
[EventDate "1994.10.??"]
[EventType "team"]
[EventRounds "15"]
[EventCountry "GER"]
[SourceTitle "Bundesliga 9495"]
[Source "DeepChess"]
[SourceDate "2005.01.01"]
[SourceVersion "1"]
[SourceVersionDate "2005.01.01"]
[SourceQuality "1"]
[WhiteTeam "SV Castrop Rauxel 1923"]
[BlackTeam "Muenchener SC 1836 e.V."]
[WhiteTeamCountry "GER"]
[BlackTeamCountry "GER"]

1. d4 f5 2. c4 Nf6 3. Nc3 g6 4. f3 c5 5. d5 d6 6. e4 fxe4 7. fxe4 Bg7 8. Be2
O-O 9. Nf3 Ng4 10. O-O Nd7 11. Bg5 h6 12. Bd2 g5 13. Qe1 Nde5 14. h3 Nxf3+ 15.
Bxf3 Ne5 16. Qe2 Bd7 17. Rab1 Qb6 18. b3 a6 19. Nd1 Qc7 20. Ne3 Nxf3+ 21. Rxf3
Rxf3 22. Qxf3 Rf8 23. Nf5 Bxf5 24. exf5 Qd7 25. Rf1 b5 26. Qg4 bxc4 27. bxc4
Qa4 28. Qe4 Qxa2 29. Be3 Bf6 30. h4 Qb2 31. hxg5 hxg5 32. Qg4 Rf7 33. Rf3 Qa1+
34. Kf2 Qb2+ 35. Kg1 Qa1+ 36. Rf1 Qe5 37. Qf3 Rh7 38. g3 Qb2 39. Rf2 Qa1+ 40.
Rf1 Qa2 41. Rf2 Qxc4 42. Rd2 a5 43. Rh2 Rxh2 44. Kxh2 g4 45. Kg1 Qd3 0-1

[Event "Bundesliga 9495"]
[Site "Deutschland"]
[Date "1994.??.??"]
[Round "?.8"]
[White "Steinbacher, Matthias"]
[Black "Hennig, Dirk"]
[Result "1/2-1/2"]
[WhiteElo "2380"]
[BlackElo "2350"]
[PlyCount "87"]
[EventDate "1994.10.??"]
[EventType "team"]
[EventRounds "15"]
[EventCountry "GER"]
[SourceTitle "Bundesliga 9495"]
[Source "DeepChess"]
[SourceDate "2005.01.01"]
[SourceVersion "1"]
[SourceVersionDate "2005.01.01"]
[SourceQuality "1"]
[WhiteTeam "Muenchener SC 1836 e.V."]
[BlackTeam "SV Castrop Rauxel 1923"]
[WhiteTeamCountry "GER"]
[BlackTeamCountry "GER"]

1. Nf3 d6 2. d4 Bg4 3. e4 Nf6 4. Bd3 e6 5. Nbd2 Be7 6. O-O c6 7. Re1 O-O 8. c3
Bh5 9. Qc2 Bg6 10. Nh4 Nbd7 11. Nxg6 hxg6 12. Nf3 d5 13. e5 Nh7 14. Bf4 c5 15.
Qd2 c4 16. Bc2 b5 17. a3 a5 18. g3 b4 19. axb4 axb4 20. h4 Qb6 21. Kg2 Rxa1 22.
Rxa1 b3 23. Bb1 Re8 24. h5 gxh5 25. Bxh7+ Kxh7 26. Rh1 Rh8 27. Bg5 Qd8 28. Qf4
Kg8 29. Ra1 Nf8 30. Ra7 Ng6 31. Qc1 f6 32. exf6 gxf6 33. Qe3 Qd6 34. Ne5 Nf8
35. Qf3 Rh7 36. Rxe7 Qxe7 37. Bxf6 Qe8 38. Qf4 Nd7 39. Qg5+ Kf8 40. Ng6+ Kf7
41. Nh8+ Kf8 42. Ng6+ Kf7 43. Nh8+ Kf8 44. Ng6+ 1/2-1/2

[Event "Bundesliga 9495"]
[Site "Deutschland"]
[Date "1995.??.??"]
[Round "?.3"]
[White "Lobron, Eric"]
[Black "Tischbierek, Raj"]
[Result "1-0"]
[WhiteElo "2575"]
[BlackElo "2520"]
[PlyCount "81"]
[EventDate "1994.10.??"]
[EventType "team"]
[EventRounds "15"]
[EventCountry "GER"]
[SourceTitle "Bundesliga 9495"]
[Source "DeepChess"]
[SourceDate "2005.01.01"]
[SourceVersion "1"]
[SourceVersionDate "2005.01.01"]
[SourceQuality "1"]
[WhiteTeam "SV Empor Berlin e.V."]
[BlackTeam "Muenchener SC 1836 e.V."]
[WhiteTeamCountry "GER"]
[BlackTeamCountry "GER"]

1. Nf3 d5 2. d4 Nf6 3. c4 c6 4. Nc3 a6 5. Bg5 Ne4 6. h4 Nxg5 7. hxg5 g6 8. e3
Bg7 9. Ne5 O-O 10. Qf3 f6 11. gxf6 exf6 12. Nd3 dxc4 13. Nc5 b5 14. a4 Qa5 15.
Ra2 b4 16. Bxc4+ Kh8 17. Nb3 Qf5 18. Ne4 Qxf3 19. gxf3 a5 20. Nd6 Ba6 21. Be6
Ra7 22. Ra1 f5 23. Bc4 Rd7 24. Bxa6 Nxa6 25. Nc4 c5 26. d5 Rxd5 27. Nbxa5 f4
28. Ke2 fxe3 29. fxe3 h5 30. Rad1 Rfd8 31. Rxd5 Rxd5 32. Nc6 Bf6 33. f4 Rd7 34.
N6e5 Rg7 35. f5 gxf5 36. Rxh5+ Kg8 37. Rxf5 Bxe5 38. Rxe5 Kf7 39. Rh5 Ke7 40.
Kd3 Kd7 41. Ke4 1-0

[Event "Bundesliga 9495"]
[Site "Deutschland"]
[Date "1995.??.??"]
[Round "?.4"]
[White "Pezerovic, Edin"]
[Black "Luther, Thomas"]
[Result "0-1"]
[WhiteElo "2400"]
[BlackElo "2550"]
[PlyCount "98"]
[EventDate "1994.10.??"]
[EventType "team"]
[EventRounds "15"]
[EventCountry "GER"]
[SourceTitle "Bundesliga 9495"]
[Source "DeepChess"]
[SourceDate "2005.01.01"]
[SourceVersion "1"]
[SourceVersionDate "2005.01.01"]
[SourceQuality "1"]
[WhiteTeam "Muenchener SC 1836 e.V."]
[BlackTeam "SV Empor Berlin e.V."]
[WhiteTeamCountry "GER"]
[BlackTeamCountry "GER"]

1. Nf3 d5 2. d4 e6 3. Bg5 Be7 4. Bxe7 Qxe7 5. c3 Nf6 6. Nbd2 Nbd7 7. Ne5 Nxe5
8. dxe5 Nd7 9. Nf3 b6 10. e3 Bb7 11. Bd3 O-O-O 12. h4 f6 13. exf6 Qxf6 14. Qc2
e5 15. Bf5 Kb8 16. Bxd7 Rxd7 17. O-O-O Rhd8 18. Qe2 c5 19. Rd2 d4 20. exd4 Bxf3
21. Qxf3 Qxf3 22. gxf3 exd4 23. cxd4 Rxd4 24. Rxd4 Rxd4 25. Kc2 Kc7 26. h5 Rf4
27. Rg1 Rf7 28. Kd2 Kd6 29. Ke3 Re7+ 30. Kf4 c4 31. Rg5 h6 32. Rg1 b5 33. a3 a5
34. Kf5 Re2 35. Kg6 Rxb2 36. Kxg7 Rxf2 37. Kxh6 c3 38. Kg5 Rxf3 39. h6 Rh3 40.
Kf4 Kc5 41. Rg3 c2 42. Rxh3 c1=Q+ 43. Kg4 Qd1+ 44. Kf4 Qd6+ 45. Kg4 Qg6+ 46.
Kf4 Qh7 47. Kg5 b4 48. axb4+ axb4 49. Rg3 b3 0-1

[Event "Bundesliga 9495"]
[Site "Deutschland"]
[Date "1995.??.??"]
[Round "?.5"]
[White "Rabiega, Robert"]
[Black "Sandor, Christian"]
[Result "1/2-1/2"]
[WhiteElo "2460"]
[BlackElo "2420"]
[PlyCount "90"]
[EventDate "1994.10.??"]
[EventType "team"]
[EventRounds "15"]
[EventCountry "GER"]
[SourceTitle "Bundesliga 9495"]
[Source "DeepChess"]
[SourceDate "2005.01.01"]
[SourceVersion "1"]
[SourceVersionDate "2005.01.01"]
[SourceQuality "1"]
[WhiteTeam "SV Empor Berlin e.V."]
[BlackTeam "Muenchener SC 1836 e.V."]
[WhiteTeamCountry "GER"]
[BlackTeamCountry "GER"]

1. e4 e5 2. Nf3 Nc6 3. Bc4 Bc5 4. d3 Nf6 5. c3 d6 6. Nbd2 a6 7. Bb3 Ba7 8. O-O
O-O 9. h3 Nh5 10. Nc4 Qf6 11. Ne3 Bxe3 12. Bxe3 Nf4 13. Kh2 h6 14. Ng1 g5 15.
g3 Ng6 16. Qd2 Kh7 17. d4 Na5 18. f4 Nxb3 19. axb3 gxf4 20. gxf4 exf4 21. Bxf4
Qh4 22. Rae1 Be6 23. d5 Bd7 24. e5 Rae8 25. Bg3 Qh5 26. exd6 Rxe1 27. Qxe1 Qxd5
28. c4 Qd4 29. dxc7 Qxb2+ 30. Rf2 Qxb3 31. Qe4 Be6 32. c5 Qd5 33. Qxd5 Bxd5 34.
Rd2 Be6 35. Nf3 Ne7 36. Rd8 Rg8 37. Nd4 Bc8 38. Bd6 Nc6 39. Nxc6 bxc6 40. Bf8
Bf5 41. c8=Q Bxc8 42. Rxc8 a5 43. Rxc6 Rxf8 44. Ra6 Rb8 45. Rxa5 Rb3 1/2-1/2

[Event "Bundesliga 9495"]
[Site "Deutschland"]
[Date "1995.??.??"]
[Round "?.6"]
[White "Reich, Thomas"]
[Black "Muse, Mladen"]
[Result "0-1"]
[WhiteElo "2400"]
[BlackElo "2435"]
[PlyCount "146"]
[EventDate "1994.10.??"]
[EventType "team"]
[EventRounds "15"]
[EventCountry "GER"]
[SourceTitle "Bundesliga 9495"]
[Source "DeepChess"]
[SourceDate "2005.01.01"]
[SourceVersion "1"]
[SourceVersionDate "2005.01.01"]
[SourceQuality "1"]
[WhiteTeam "Muenchener SC 1836 e.V."]
[BlackTeam "SV Empor Berlin e.V."]
[WhiteTeamCountry "GER"]
[BlackTeamCountry "GER"]

1. e4 c5 2. c3 d6 3. d4 Nf6 4. dxc5 Nc6 5. f3 dxc5 6. Qxd8+ Nxd8 7. Be3 e6 8.
Na3 Be7 9. Bb5+ Bd7 10. Bxd7+ Nxd7 11. O-O-O Nc6 12. Nh3 a6 13. Nc4 Nce5 14.
Nxe5 Nxe5 15. Kc2 g5 16. Nf2 Rg8 17. Nd3 Nd7 18. h3 O-O-O 19. b3 Kc7 20. Rd2 b6
21. Rhd1 Nb8 22. Ne5 Rxd2+ 23. Rxd2 f6 24. Nd3 Nd7 25. Rd1 Bd6 26. a4 Kc6 27.
Nb2 Bc7 28. Nd3 Bd6 29. Rh1 Nf8 30. Bf2 Ng6 31. g3 h5 32. Rg1 Ne5 33. Nxe5+
Bxe5 34. Rh1 Bd6 35. g4 Rh8 36. h4 hxg4 37. fxg4 gxh4 38. Rxh4 Rg8 39. Kd3 Bf4
40. Ke2 Rd8 41. Be1 b5 42. Rh7 bxa4 43. bxa4 c4 44. Ra7 Kb6 45. Re7 Rd6 46. Bh4
Be5 47. Bf2+ Ka5 48. Bc5 Rc6 49. Bd4 Bxd4 50. cxd4 Kb4 51. e5 fxe5 52. dxe5 c3
53. Kd1 c2+ 54. Kc1 Kc4 55. Kxc2 Kd4+ 56. Kb3 Kxe5 57. Kb4 Kf4 58. Rg7 e5 59.
g5 Kf5 60. Re7 Rg6 61. Ka5 e4 62. Re8 Kf4 63. Re7 e3 64. Re8 Rd6 65. Re7 Kf3
66. Kb4 e2 67. Kc5 Rg6 68. Rf7+ Kg2 69. Re7 Rxg5+ 70. Kb6 Rg6+ 71. Kb7 Kf2 72.
Rf7+ Ke1 73. a5 Re6 0-1

[Event "Bundesliga 9495"]
[Site "Deutschland"]
[Date "1995.??.??"]
[Round "?.7"]
[White "Poldauf, Dirk"]
[Black "Geisler, Fabian"]
[Result "1/2-1/2"]
[WhiteElo "2425"]
[BlackElo "2310"]
[PlyCount "176"]
[EventDate "1994.10.??"]
[EventType "team"]
[EventRounds "15"]
[EventCountry "GER"]
[SourceTitle "Bundesliga 9495"]
[Source "DeepChess"]
[SourceDate "2005.01.01"]
[SourceVersion "1"]
[SourceVersionDate "2005.01.01"]
[SourceQuality "1"]
[WhiteTeam "SV Empor Berlin e.V."]
[BlackTeam "Muenchener SC 1836 e.V."]
[WhiteTeamCountry "GER"]
[BlackTeamCountry "GER"]

1. c4 f5 2. g3 Nf6 3. Bg2 g6 4. d4 Bg7 5. Nc3 O-O 6. Nh3 d6 7. d5 Nbd7 8. Nf4
Ne5 9. b3 c5 10. Bb2 Rb8 11. O-O a6 12. a4 b6 13. Qc2 Ne8 14. e4 Nc7 15. Qe2 g5
16. Nh5 f4 17. f3 Bh8 18. gxf4 gxf4 19. Qd2 Ng6 20. Nd1 Be5 21. Nf2 Bxb2 22.
Qxb2 e5 23. dxe6 Nxe6 24. Ng4 Nd4 25. Nh6+ Kh8 26. Rad1 Qg5 27. Rxd4 cxd4 28.
Qxd4+ Qe5 29. Rd1 Qxd4+ 30. Rxd4 b5 31. axb5 axb5 32. Rxd6 bxc4 33. bxc4 Rb1+
34. Kf2 Rb2+ 35. Kg1 Rb1+ 36. Kf2 Rb2+ 37. Kg1 Ra2 38. Bf1 Ra1 39. Kf2 Ra2+ 40.
Be2 Ra5 41. Rd5 Ra2 42. Ke1 Be6 43. Rd6 Bh3 44. c5 Rc2 45. Rd5 Be6 46. Kd1 Ra2
47. Rd6 Bb3+ 48. Ke1 Rc2 49. c6 Rc8 50. Nf5 R2xc6 51. Rd2 Rc1+ 52. Kf2 R1c2 53.
Rd7 R2c7 54. Rd6 Rc6 55. Rd7 Be6 56. Ra7 R6c7 57. Ra6 Bc4 58. Bxc4 Rxc4 59. Kg2
R4c6 60. Ra7 R6c7 61. Ra6 Rc6 62. Ra7 R6c7 63. Ra5 Rc5 64. Ra7 Nh4+ 65. Nxh4
Rxh5 66. Kh3 Rf8 67. Kg4 Rh6 68. Kg5 Rb6 69. Nf5 Rb2 70. h4 Rh2 71. e5 Rb2 72.
Ra5 Rb6 73. Ra4 Rg6+ 74. Kxf4 Rh6 75. Ra5 Rxh4+ 76. Kg5 Rh2 77. e6 Re2 78. e7
Rxf5+ 79. Kxf5 Rxe7 80. Kf6 Re8 81. Kf7 Rg8 82. f4 Rg7+ 83. Kf6 Rg6+ 84. Ke5
Kg7 85. Ra7+ Kg8 86. f5 Rb6 87. f6 Rb1 88. Rg7+ Kf8 1/2-1/2

[Event "Bundesliga 9495"]
[Site "Deutschland"]
[Date "1995.??.??"]
[Round "?.8"]
[White "Steinbacher, Matthias"]
[Black "Volke, Karsten"]
[Result "1-0"]
[WhiteElo "2345"]
[BlackElo "2440"]
[PlyCount "111"]
[EventDate "1994.10.??"]
[EventType "team"]
[EventRounds "15"]
[EventCountry "GER"]
[SourceTitle "Bundesliga 9495"]
[Source "DeepChess"]
[SourceDate "2005.01.01"]
[SourceVersion "1"]
[SourceVersionDate "2005.01.01"]
[SourceQuality "1"]
[WhiteTeam "Muenchener SC 1836 e.V."]
[BlackTeam "SV Empor Berlin e.V."]
[WhiteTeamCountry "GER"]
[BlackTeamCountry "GER"]

1. e4 c5 2. Nf3 e6 3. d4 cxd4 4. Nxd4 Nf6 5. Nc3 d6 6. Bc4 Be7 7. Bb3 Na6 8. f4
Nc5 9. e5 dxe5 10. fxe5 Nfd7 11. Bf4 Qb6 12. O-O O-O 13. Kh1 Nxb3 14. axb3 Rd8
15. Ne4 Nf8 16. c3 Bd7 17. Bg5 Bxg5 18. Nxg5 Be8 19. Qf3 Rd7 20. Rae1 h6 21.
Ne4 Ng6 22. Qg3 Qd8 23. Nd6 Qh4 24. Qxh4 Nxh4 25. c4 Rc7 26. b4 b6 27. b5 Ng6
28. b3 Rd8 29. Nxe8 Rxe8 30. Nc6 Ne7 31. Nxe7+ Rexe7 32. Rd1 Kh7 33. g4 Rc5 34.
Rfe1 Kg6 35. Kg2 Rec7 36. Rd6 Rc8 37. Kf3 h5 38. h3 hxg4+ 39. Kxg4 Rh8 40. Rd7
Ra8 41. h4 a6 42. bxa6 Rxa6 43. h5+ Kh6 44. Rxf7 b5 45. Rf8 g6 46. Rf6 bxc4 47.
Rxg6+ Kh7 48. bxc4 Rxc4+ 49. Kg5 Rc2 50. Rd1 Rg2+ 51. Kf6 Rf2+ 52. Ke7 Rf5 53.
Rd7 Rxh5 54. Kf6+ Kh8 55. Rd8+ Kh7 56. Rg7+ 1-0

[Event "Bundesliga 9495"]
[Site "Deutschland"]
[Date "1994.??.??"]
[Round "?.1"]
[White "Kuczynski, Robert"]
[Black "Hertneck, Gerald"]
[Result "0-1"]
[WhiteElo "2515"]
[BlackElo "2605"]
[PlyCount "76"]
[EventDate "1994.10.??"]
[EventType "team"]
[EventRounds "15"]
[EventCountry "GER"]
[SourceTitle "Bundesliga 9495"]
[Source "DeepChess"]
[SourceDate "2005.01.01"]
[SourceVersion "1"]
[SourceVersionDate "2005.01.01"]
[SourceQuality "1"]
[WhiteTeam "SV Erfurt West 90"]
[BlackTeam "Muenchener SC 1836 e.V."]
[WhiteTeamCountry "GER"]
[BlackTeamCountry "GER"]

1. e4 e6 2. d4 d5 3. Nc3 Bb4 4. e5 Ne7 5. a3 Bxc3+ 6. bxc3 c5 7. h4 Qc7 8. h5
h6 9. Nf3 b6 10. Bb5+ Bd7 11. Bd3 Ba4 12. O-O Nd7 13. Re1 a6 14. Nh4 Bb5 15.
Qg4 Bxd3 16. cxd3 Rg8 17. Qe2 O-O-O 18. dxc5 bxc5 19. d4 Kb7 20. dxc5 Nc6 21.
Nf3 Qa5 22. Nd4 Rc8 23. Bd2 Ncxe5 24. Rab1+ Ka8 25. c4 Qxc5 26. cxd5 Qxd4 27.
dxe6 Nc5 28. exf7 Rgf8 29. Qxe5 Qxd2 30. Rbc1 Rxf7 31. f3 Rfc7 32. Red1 Qa5 33.
Rd5 Qb6 34. Kh2 Ka7 35. Rd6 Qb5 36. Rg6 Nb7 37. Qe3+ Kb8 38. Re1 Qxh5+ 0-1

[Event "Bundesliga 9495"]
[Site "Deutschland"]
[Date "1994.??.??"]
[Round "?.2"]
[White "Hodgson, Julian M"]
[Black "Enders, Peter"]
[Result "1-0"]
[WhiteElo "2580"]
[BlackElo "2450"]
[PlyCount "83"]
[EventDate "1994.10.??"]
[EventType "team"]
[EventRounds "15"]
[EventCountry "GER"]
[SourceTitle "Bundesliga 9495"]
[Source "DeepChess"]
[SourceDate "2005.01.01"]
[SourceVersion "1"]
[SourceVersionDate "2005.01.01"]
[SourceQuality "1"]
[WhiteTeam "Muenchener SC 1836 e.V."]
[BlackTeam "SV Erfurt West 90"]
[WhiteTeamCountry "GER"]
[BlackTeamCountry "GER"]

1. d4 Nf6 2. Bg5 e6 3. e4 h6 4. Bxf6 Qxf6 5. Nc3 Bb4 6. Qd2 d6 7. a3 Ba5 8. f4
O-O 9. Nf3 c5 10. b4 cxd4 11. Nb5 Bb6 12. Nxd6 Nc6 13. e5 Qe7 14. Bd3 Bd7 15.
O-O Rab8 16. Qe1 a6 17. Qe4 f5 18. exf6 gxf6 19. Nc4 Ba7 20. f5 b5 21. fxe6 f5
22. Qd5 Qxe6 23. Qxe6+ Bxe6 24. Nce5 Ne7 25. Rae1 Rf6 26. Nd7 Bxd7 27. Rxe7 Rb7
28. Ne5 Bc8 29. Re8+ Rf8 30. Rxf8+ Kxf8 31. Bxf5 Bxf5 32. Rxf5+ Kg8 33. Nd3 Rc7
34. Nc5 a5 35. Kf1 a4 36. Ke2 Rg7 37. g3 Re7+ 38. Kd2 Rf7 39. Rxf7 Kxf7 40. Ne4
Ke6 41. Kd3 Ke5 42. Nd2 1-0

[Event "Bundesliga 9495"]
[Site "Deutschland"]
[Date "1994.??.??"]
[Round "?.3"]
[White "Casper, Thomas"]
[Black "Stohl, Igor"]
[Result "1/2-1/2"]
[WhiteElo "2435"]
[BlackElo "2560"]
[PlyCount "63"]
[EventDate "1994.10.??"]
[EventType "team"]
[EventRounds "15"]
[EventCountry "GER"]
[SourceTitle "Bundesliga 9495"]
[Source "DeepChess"]
[SourceDate "2005.01.01"]
[SourceVersion "1"]
[SourceVersionDate "2005.01.01"]
[SourceQuality "1"]
[WhiteTeam "SV Erfurt West 90"]
[BlackTeam "Muenchener SC 1836 e.V."]
[WhiteTeamCountry "GER"]
[BlackTeamCountry "GER"]

1. e4 c5 2. Nf3 d6 3. c3 Nf6 4. Be2 g6 5. O-O Bg7 6. Re1 O-O 7. Bf1 Nc6 8. d4
cxd4 9. cxd4 Bg4 10. d5 Ne5 11. Nbd2 Qa5 12. Re3 Rfc8 13. Ra3 Qd8 14. Qe1 Nxf3+
15. Nxf3 Nd7 16. Nd2 Nb6 17. Rb1 Bd7 18. Nf3 Nc4 19. Rd3 Rc7 20. b3 Ne5 21.
Nxe5 Bxe5 22. Bb2 Bxb2 23. Rxb2 Rac8 24. Rd1 Rc2 25. Rxc2 Rxc2 26. Qb4 b5 27.
Rd2 Rc1 28. Qd4 Qa5 29. f3 b4 30. Kf2 Qc5 31. Qxc5 Rxc5 32. Bc4 1/2-1/2

[Event "Bundesliga 9495"]
[Site "Deutschland"]
[Date "1994.??.??"]
[Round "?.5"]
[White "Mueller, Mat"]
[Black "Pezerovic, Edin"]
[Result "1/2-1/2"]
[WhiteElo "2375"]
[BlackElo "2400"]
[PlyCount "48"]
[EventDate "1994.10.??"]
[EventType "team"]
[EventRounds "15"]
[EventCountry "GER"]
[SourceTitle "Bundesliga 9495"]
[Source "DeepChess"]
[SourceDate "2005.01.01"]
[SourceVersion "1"]
[SourceVersionDate "2005.01.01"]
[SourceQuality "1"]
[WhiteTeam "SV Erfurt West 90"]
[BlackTeam "Muenchener SC 1836 e.V."]
[WhiteTeamCountry "GER"]
[BlackTeamCountry "GER"]

1. e4 c6 2. d4 d5 3. Nc3 dxe4 4. Nxe4 Nf6 5. Nxf6+ gxf6 6. Bc4 Bf5 7. Ne2 e6 8.
O-O Bd6 9. Bf4 Qc7 10. Bxd6 Qxd6 11. a4 h5 12. a5 Nd7 13. Bd3 Bxd3 14. Qxd3
O-O-O 15. a6 b6 16. c4 Ne5 17. Qb3 Ng4 18. f4 Qc7 19. Qf3 f5 20. Rad1 Rhg8 21.
b4 Kb8 22. Nc3 Nf6 23. Rd2 Rd7 24. Rfd1 Rgd8 1/2-1/2